| Tag |
First Indicator |
Second Indicator |
Subfields |
| LEADER |
00000cam a2200000 a 4500 |
| 001 |
in00000730421 |
| 005 |
20200904145945.0 |
| 008 |
880304s1988 wb a b 10100 eng |
| 010 |
|
|
|a 88006542
|
| 020 |
|
|
|a 0387188436 (U.S. : pbk.)
|
| 035 |
|
|
|a (OCoLC)17649499
|
| 035 |
|
|
|9 ADG3054AM
|
| 040 |
|
|
|a DLC
|c DLC
|d TXA
|
| 049 |
|
|
|a TXAM
|c [A11119479]
|
| 050 |
0 |
|
|a QC981.8.C5
|b L65 1988
|
| 082 |
0 |
|
|a 551.6
|2 19
|
| 245 |
0 |
0 |
|a Long and short term variability of climate /
|c H. Wanner, U. Siegenthaler, eds.
|
| 260 |
|
|
|a Berlin ;
|a New York :
|b Springer-Verlag,
|c c1988.
|
| 300 |
|
|
|a 175 p. :
|b ill. (some col.) ;
|c 25 cm.
|
| 336 |
|
|
|a text
|b txt
|2 rdacontent
|
| 337 |
|
|
|a unmediated
|b n
|2 rdamedia
|
| 338 |
|
|
|a volume
|b nc
|2 rdacarrier
|
| 490 |
1 |
|
|a Lecture notes in earth sciences ;
|v 16
|
| 500 |
|
|
|a Papers presented at a symposium held in Bern, Oct. 10-11, 1986, organized by the Swiss Commission for Climate and Atmospheric Research.
|
| 504 |
|
|
|a Includes bibliographies and index.
|
| 650 |
|
0 |
|a Climatic changes
|x Congresses.
|
| 700 |
1 |
|
|a Wanner, Heinz.
|
| 700 |
1 |
|
|a Siegenthaler, U.
|q (Ulrich),
|d 1941-
|
| 710 |
2 |
|
|a Schweizerische Naturforschende Gesellschaft.
|b Schweizerische Kommission für Klima- und Atmosphärenforschung.
|
| 740 |
0 |
2 |
|a Variability of climate.
|
| 830 |
|
0 |
|a Lecture notes in earth sciences ;
|v 16.
|
| 999 |
f |
f |
|s 46e2469b-6eab-33ca-92a5-ceddb5b961eb
|i 0557b90e-1485-3b4d-ade9-aeef5f5ea901
|t 0
|
| 952 |
f |
f |
|p ric
|a Texas A&M University
|b Rellis Campus
|c Joint Library Facility
|d Remote Storage
|t 0
|e QC981.8.C5 L65 1988
|h Library of Congress classification
|i unmediated -- volume
|m A14811119479
|
| 998 |
f |
f |
|a QC981.8.C5 L65 1988
|t 0
|l Remote Storage
|